Sectoral interdependence in the Kuala Lumpur Stock Exchange /
Saved in:
| Main Author: | |
|---|---|
| Format: | Thesis Book |
| Language: | English |
| Published: |
1999.
|
| Subjects: | |
| Online Access: | http://studentsrepo.um.edu.my/id/eprint/2771 |
| Tags: |
Add Tag
No Tags, Be the first to tag this record!
|
| LEADER | 00936cam a2200265 a 4500 | ||
|---|---|---|---|
| 001 | u480257 | ||
| 003 | SIRSI | ||
| 008 | 940809s1999 my a t 00 1 eng m | ||
| 035 | |a ACO-8935 | ||
| 040 | |a UMM | ||
| 043 | |a a-my-- | ||
| 090 | |a HA1 |b UM 1999 Gui | ||
| 100 | 1 | 0 | |a Gui, Hui Keng. |
| 245 | 1 | 0 | |a Sectoral interdependence in the Kuala Lumpur Stock Exchange / |c Gui Hui Keng. |
| 260 | |c 1999. | ||
| 300 | |a viii, 91 leaves : |b ill. ; |c 30 cm. | ||
| 502 | |a Dissertation (M.App.Stats.) -- Fakulti Ekonomi dan Pentadbiran, Universiti Malaya, 1999. | ||
| 504 | |a Includes bibliographical references. | ||
| 610 | 2 | 0 | |a Bursa Saham Kuala Lumpur. |
| 650 | 0 | |a Stock exchanges |z Malaysia. | |
| 710 | 2 | 0 | |a Universiti Malaya. |b Fakulti Ekonomi dan Pentadbiran. |
| 856 | 4 | 1 | |u http://studentsrepo.um.edu.my/id/eprint/2771 |
| 948 | |a 14/04/2001 |b 20/11/2002 | ||
| 596 | |a 1 | ||
| 999 | |a HA1 UM 1999 GUI |w LC |c 1 |i A510350202 |l STACKS |m P01UTAMA |r Y |s Y |t TESIS |u 7/5/2002 | ||
